[Event "Warsaw Najdorf Memorial op-B"]
[Site "Warsaw"]
[Date "2022.07.13"]
[Round "5"]
[White "Dysko, Michal"]
[Black "Piddubna, Bozhena"]
[Result "1-0"]
[WhiteElo "1376"]
[BlackElo "1534"]
[PlyCount "73"]
[EventDate "2022.07.09"]
[EventType "swiss"]
[EventRounds "9"]
[EventCountry "POL"]
[SourceTitle "CBM 209 Extra"]
[Source "ChessBase"]
[SourceDate "2022.09.30"]
[SourceVersion "1"]
[SourceVersionDate "2022.09.30"]
[SourceQuality "1"]

1. e4 e5 2. Nf3 Nc6 3. Bb5 a6 4. Ba4 Nf6 5. 0-0 Be7 6. Re1 b5 7. Bb3 d6 8. c3 Na5 9. Bc2 c5 10. d4 Qc7 11. h3 0-0 12. d5 Bd7 13. b3 Nb7 14. Nbd2 Ne8 15. Nf1 a5 16. Ng3 g6 17. Qe2 Ng7 18. Bd3 b4 19. c4 a4 20. bxa4 Rxa4 21. Bc2 Ra7 22. Nd2 f5 23. exf5 gxf5 24. Nh5 Be8 25. Nxg7 Kxg7 26. f4 e4 27. Nxe4 fxe4 28. Qxe4 Bg6 29. Qxe7+ Qxe7 30. Rxe7+ Kf6 31. Re6+ Kf7 32. f5 Bxf5 33. Bxf5 Rfa8 34. Bg5 b3 35. Re7+ Kf8 36. Bxh7 b2 37. Rf1# 1-0

[Event "POL-ch U15 Qual"]
[Site "Jastrzebia Gora"]
[Date "2021.11.19"]
[Round "7"]
[White "Choina, Jan"]
[Black "Dysko, Michal"]
[Result "0-1"]
[WhiteElo "1485"]
[BlackElo "1222"]
[PlyCount "92"]
[EventDate "2021.11.15"]
[EventType "swiss"]
[EventRounds "9"]
[EventCountry "POL"]
[SourceTitle "EXT 2023"]
[Source "ChessBase"]
[SourceDate "2022.10.05"]
[SourceVersion "1"]
[SourceVersionDate "2022.10.05"]
[SourceQuality "1"]

1. e4 c5 2. Nf3 a6 3. d4 cxd4 4. Nxd4 Nf6 5. Bd3 e5 6. Nb3 d5 7. exd5 Nxd5 8. Bc4 Be6 9. Nc3 Bb4 10. a3 Bxc3+ 11. bxc3 b5 12. Bf1 Qc7 13. Bb2 Nd7 14. Qf3 Rc8 15. a4 0-0 16. axb5 axb5 17. Bxb5 Nxc3 18. Bxc3 Qxc3+ 19. Qxc3 Rxc3 20. Bxd7 Bxd7 21. Kd2 Rfc8 22. Ra2 f6 23. Rb1 Bf5 24. Rbb2 Kf7 25. Nc1 Be6 26. Ra7+ Kg6 27. Ne2 R3c7 28. Rxc7 Rxc7 29. c3 Rd7+ 30. Ke3 Rc7 31. Rd2 Bc4 32. Ng3 Bf7 33. Rc2 f5 34. f4 Rc4 35. Ne2 Re4+ 36. Kf3 Bd5 37. fxe5 Rxe5+ 38. Kf2 Be4 39. Rc1 Kf6 40. Nd4 Rc5 41. g3 g5 42. Ke3 Ke5 43. Kd2 Ra5 44. h4 Ra2+ 45. Ke3 f4+ 46. gxf4+ gxf4# 0-1

[Event "POL-ch U15 Qual"]
[Site "Jastrzebia Gora"]
[Date "2021.11.16"]
[Round "3"]
[White "Dysko, Michal"]
[Black "Wydmanski, Szymon"]
[Result "0-1"]
[WhiteElo "1222"]
[BlackElo "1735"]
[PlyCount "68"]
[EventDate "2021.11.15"]
[EventType "swiss"]
[EventRounds "9"]
[EventCountry "POL"]
[SourceTitle "EXT 2023"]
[Source "ChessBase"]
[SourceDate "2022.10.05"]
[SourceVersion "1"]
[SourceVersionDate "2022.10.05"]
[SourceQuality "1"]

1. e4 c5 2. Nf3 d6 3. d4 cxd4 4. Nxd4 Nf6 5. Nc3 a6 6. Bc4 e6 7. Bb3 Be7 8. 0-0 0-0 9. Kh1 Bd7 10. f4 Nc6 11. Be3 b5 12. a3 Na5 13. Ba2 Nc4 14. Bxc4 bxc4 15. Qe2 Qc7 16. Bg1 Rab8 17. Rab1 Rfe8 18. Na2 Bf8 19. Nf3 d5 20. exd5 exd5 21. Qd2 Bd6 22. g3 Bh3 23. Rfe1 Rxe1 24. Nxe1 Bxa3 25. Bd4 Bc5 26. Bxf6 gxf6 27. Qxd5 Rd8 28. Qf3 Bc8 29. Ng2 Rd2 30. Re1 Rxg2 31. Re8+ Kg7 32. Kxg2 Bb7 33. Re4 f5 34. Qc3+ Kg8 0-1